[Event "5th Summer Cup"]
[Site "Porto Carras GRE"]
[Date "2010.07.16"]
[Round "7"]
[White "Urosevic,G"]
[Black "Avagianos,S"]
[Result "1-0"]
[WhiteElo "2225"]
[BlackElo "2034"]

1.Nf3 d5 2.g3 Bg4 3.Bg2 Nc6 4.d4 f6 5.c4 e5 6.dxe5 d4 7.exf6 Nxf6 8.a3 Qd7
9.b4 O-O-O 10.Nbd2 Bh3 11.O-O Bxg2 12.Kxg2 h5 13.h4 Ng4 14.Ne4 Be7 15.Bg5 Qe6
16.Bxe7 Nxe7 17.Qd3 Nf5 18.Nc5 Qf6 19.Qe4 c6 20.Qe6+ Qxe6 21.Nxe6 Rd6 22.Nf4 Re8
23.Rfe1 g6 24.c5 Rf6 25.Rad1 Nxh4+ 26.gxh4 Rxf4 27.Rxd4 Rxd4 28.Nxd4 Re4
29.e3 Kd7 30.Kf3 Nf6 31.Rg1 Rg4 32.Rxg4 Nxg4 33.e4 b6 34.Ke2 b5 35.f4 Nf6
36.Kf3 Ng4 37.e5 Nh2+ 38.Ke4 Nf1 39.e6+ Ke7 40.Ke5 Nd2 41.Nxc6+  1-0

[Event "5th Nana Aleksandria Cup"]
[Site "Poti GEO"]
[Date "2010.07.16"]
[Round "6"]
[White "Pantsulaia,L"]
[Black "Nigalidze,G"]
[Result "1/2-1/2"]
[WhiteElo "2586"]
[BlackElo "2478"]

1.Nf3 d5 2.g3 c5 3.c4 d4 4.e3 Nc6 5.exd4 cxd4 6.d3 e5 7.Bg2 Bd6 8.O-O Nge7
9.a3 a5 10.Nbd2 O-O 11.Re1 Rb8 12.c5 Bxc5 13.Nxe5 Nxe5 14.Rxe5 Bd6 15.Re1 b5
16.Ne4 Ng6 17.h4 Bc7 18.h5 Ne5 19.h6 Bg4 20.f3 Bf5 21.hxg7 Kxg7 22.Bf4 Bxe4
23.Rxe4 Ng6 24.Bxc7 Qxc7 25.f4 f5 26.Rc1 Qd6 27.Re2 Rbc8 28.Rec2 Rxc2 29.Qxc2 Qe6
30.Qf2 Rd8 31.Rc7+ Kf6 32.Qc2 Qe1+ 33.Kh2 Nxf4 34.Rxh7 Ne6 35.Qc6 Rg8 36.Qd6 Rg7
37.Rh8 f4 38.Rf8+ Rf7 39.Rxf7+  1/2-1/2

[Event "25th Touraine Open"]
[Site "Avoine FRA"]
[Date "2010.07.17"]
[Round "1"]
[White "Baillargeant,T"]
[Black "Dieu,B"]
[Result "0-1"]
[WhiteElo "2009"]
[BlackElo "2296"]

1.Nf3 d5 2.g3 c5 3.Bg2 Nc6 4.O-O e6 5.d3 Bd6 6.Nbd2 Nge7 7.e4 O-O 8.Re1 f6
9.c3 Bd7 10.Qe2 Qc7 11.a4 Be8 12.Bh3 Bf7 13.Nf1 Rae8 14.Ne3 a6 15.Qc2 b5
16.axb5 axb5 17.exd5 exd5 18.Bd2 d4 19.cxd4 cxd4 20.Nf5 Nxf5 21.Bxf5 Ne5
22.Qd1 Bh5 23.Qb3+ Bf7 24.Qd1 Nxf3+ 25.Qxf3 Qc2 26.Bf4 Bxf4 27.Qxf4 Qxb2
28.Reb1 Qc3 29.Rc1 Qb3 30.Qxd4 Rd8 31.Qc5 Rd5 32.Qc8 g6 33.Be4 Rxc8 34.Rxc8+ Kg7
35.Bxd5 Bxd5 36.Rc7+ Kh6 37.Rcc1 Qxd3 38.Rd1 Qf3  0-1

[Event "ZDMI Open"]
[Site "Dresden GER"]
[Date "2010.07.17"]
[Round "8"]
[White "Kiessling,A"]
[Black "Weigelt,T"]
[Result "0-1"]
[WhiteElo "2019"]
[BlackElo "1897"]

1.Nf3 d5 2.g3 c5 3.Bg2 Nc6 4.O-O e5 5.d3 Be7 6.Nbd2 Be6 7.e4 d4 8.Ne1 h5
9.f4 exf4 10.gxf4 g6 11.h3 Qd7 12.Qf3 Nh6 13.Rf2 O-O-O 14.Nf1 f5 15.e5 Nf7
16.Re2 g5 17.Qf2 h4 18.Nf3 g4 19.N3d2 gxh3 20.Bxh3 Rdg8+ 21.Kh1 Nh6 22.Nf3 Ng4
23.Qe1 Bd5 24.Nd2 Nb4 25.Ne4 fxe4 26.dxe4 Bxe4 27.Rxe4 Nxc2 28.e6 Qd5  0-1

[Event "ZDMI Open"]
[Site "Dresden GER"]
[Date "2010.07.17"]
[Round "8"]
[White "Noordhoek,H"]
[Black "Mueller,Pete2"]
[Result "0-1"]
[WhiteElo "2107"]
[BlackElo "2013"]

1.Nf3 d5 2.g3 c5 3.Bg2 Nc6 4.d4 Nf6 5.O-O Bf5 6.c4 e6 7.Nc3 Be7 8.dxc5 dxc4
9.Qa4 Bxc5 10.Ne5 O-O 11.Nxc6 bxc6 12.Qxc4 Qd4 13.Qa6 Ng4 14.Qxc6 Rac8 15.Qa4 Rfd8
16.e3 Qd3 17.Rd1 Qc2 18.Qxc2 Bxc2 19.Rd2 Bg6 20.h3 Ne5 21.a3 a5 22.Rxd8+ Rxd8
23.Kf1 Bd3+ 24.Ke1 Bc4 25.Ne2 Nd3+ 26.Kf1 Nf4 27.Ke1 Nxg2+ 28.Kf1 Rd1+ 29.Kxg2 Bxe2
30.b4 Bb6 31.bxa5 Bxa5 32.Rb1 h5 33.Rb8+ Kh7 34.Bb2 Bd3 35.Bd4 Be4+ 36.f3 Rd2+
37.Kf1 Bxf3  0-1

[Event "4th LCT"]
[Site "Leiden NED"]
[Date "2010.07.17"]
[Round "8"]
[White "Wohl,A"]
[Black "Wilschut,P"]
[Result "1-0"]
[WhiteElo "2375"]
[BlackElo "2237"]

1.Nf3 d5 2.g3 Nf6 3.Bg2 e6 4.d3 Be7 5.Nbd2 c5 6.O-O Nc6 7.a3 a5 8.e4 a4 9.Re1 h6
10.Qe2 b6 11.e5 Nd7 12.c4 Nf8 13.h4 Bb7 14.Nf1 Na5 15.Be3 Qc7 16.Rad1 Bc6
17.Bd2 Nb3 18.Bf4 Qb7 19.cxd5 exd5 20.Ne3 Ne6 21.Nf5 O-O-O 22.d4 g6 23.Nxe7+ Qxe7
24.Be3 Kb7 25.Qc2 c4 26.Nh2 Nc7 27.Ng4 Qf8 28.f4 h5 29.Nf6 Ne8 30.f5 gxf5
31.Nxe8 Rxe8 32.Qxf5 Qg7 33.Bg5 Qh7 34.Qf2 Rhg8 35.Re3 Qg6 36.Rf3 Qe6 37.Rxf7+ Ka6
38.Rf6 Qc8 39.Kh2 Bb7 40.Bh3 Qc7 41.Rf7 Qc6 42.Bd7  1-0

[Event "2nd Open"]
[Site "Rethymno GRE"]
[Date "2010.07.17"]
[Round "6"]
[White "Bras,E"]
[Black "Bensdorp,M"]
[Result "0-1"]
[WhiteElo "2009"]
[BlackElo "2301"]

1.Nf3 d5 2.g3 Nf6 3.Bg2 e6 4.O-O Nbd7 5.c4 Be7 6.d3 O-O 7.Qc2 c6 8.e4 dxe4
9.dxe4 e5 10.Nc3 Qc7 11.b3 Re8 12.Bb2 a5 13.Rad1 Nf8 14.Na4 N6d7 15.Qc1 Ne6
16.Ba3 Bxa3 17.Qxa3 b5 18.cxb5 cxb5 19.Rc1 Qa7 20.Nb2 b4 21.Qa4 Nec5 22.Rxc5 Qxc5
23.Nc4 Qe7 24.Rd1 Nc5 25.Qc6 Bb7  0-1

[Event "29th Jacques Lemans Open"]
[Site "St Veit SUI"]
[Date "2010.07.17"]
[Round "8"]
[White "Halvax,G"]
[Black "Hartl,D"]
[Result "1/2-1/2"]
[WhiteElo "2255"]
[BlackElo "2202"]

1.Nf3 d5 2.g3 Nf6 3.Bg2 Bg4 4.O-O Nbd7 5.d3 e5 6.Qe1 c6 7.e4 dxe4 8.dxe4 Bc5
9.Nbd2 O-O 10.h3 Bxf3 11.Nxf3 a5 12.Bg5 h6 13.Bd2 Qb6 14.Rb1 Rfe8 15.Nh4 Nf8
16.Nf5 Ne6 17.Kh1 Nd4 18.Ne3 Qa6 19.Rd1 a4 20.c3 Ne6 21.f4 exf4 22.gxf4 Rad8
23.Ng4 Nxg4 24.hxg4 Rd3 25.Bf3 Qb6 26.Qe2 Red8 27.f5 Ng5 28.Bxg5 Rxd1 29.Rxd1  1/2-1/2

[Event "25th Touraine Open"]
[Site "Avoine FRA"]
[Date "2010.07.18"]
[Round "2"]
[White "Stephan,V"]
[Black "Hori,Shinya"]
[Result "1-0"]
[WhiteElo "2234"]
[BlackElo "1957"]

1.g3 d5 2.Nf3 Nf6 3.Bg2 c5 4.O-O Nc6 5.d3 Bg4 6.h3 Bh5 7.c4 e6 8.cxd5 exd5
9.Bg5 Be7 10.Qb3 Qd7 11.Bxf6 Bxf6 12.Nc3 Rd8 13.g4 Bg6 14.e4 c4 15.dxc4 Na5
16.Qb4 Nc6 17.Qc5 Bxc3 18.exd5 Bb4 19.dxc6 Bxc5 20.cxd7+ Kxd7 21.a3 Kc8 22.b4 Bb6
23.Ne5 f6 24.Nxg6 hxg6 25.Rad1 Bd4 26.Bd5 Be5 27.Rd3 g5 28.Rfd1 Kc7 29.a4 Rhe8
30.Kg2 Rh8 31.a5 b6 32.axb6+ Kxb6 33.Ra3 Rd7 34.Rd2 Bb8 35.Ra5 Kc7 36.Re2 Kd8
37.Re6 Re8 38.Rxe8+ Kxe8 39.Bc6 Kd8 40.Bxd7 Kxd7 41.Kf3 Kc6 42.Ke4 Kb6 43.Rb5+  1-0

[Event "I Open"]
[Site "Girona ESP"]
[Date "2010.07.18"]
[Round "6"]
[White "Mundet Riera,Ja"]
[Black "Parramon Ros,F"]
[Result "1/2-1/2"]
[WhiteElo "2147"]
[BlackElo "2066"]

1.Nf3 d5 2.g3 e6 3.Bg2 Bd6 4.d4 f5 5.c4 c6 6.Nc3 Nf6 7.c5 Bc7 8.Bf4 Bxf4
9.gxf4 Nbd7 10.O-O O-O 11.e3 Ne4 12.Qc2 Kh8 13.b4 Ndf6 14.Ne5 Nxc3 15.Qxc3 Ng4
16.Nf3 Bd7 17.a4 Nh6 18.Kh1 Nf7 19.Rg1 Rg8 20.Rab1 g5 21.fxg5 Nxg5 22.Ne5 Qe7
23.b5 Nf7 24.bxc6 Bxc6 25.Nxc6 bxc6 26.f4 Nh6 27.Bf3 Qh4 28.Qd2 Rxg1+ 29.Rxg1 Rb8
30.a5 Qh3 31.Qg2 Qxg2+ 32.Kxg2 Rg8+ 33.Kf2 Rxg1 34.Kxg1 Ng4 35.Bd1 Kg7 36.Ba4 Kf6
37.Bxc6 Ke7 38.Ba4 Nxe3 39.Kf2 Nc4 40.a6 Nd2 41.Bd1 Ne4+ 42.Ke3 Kd7 43.Ba4+ Kd8
44.Bd1 Nc3 45.Bh5 Ke7 46.Bf3 Kd7 47.Bh5 Na2 48.Bd1 Nc3 49.Bh5  1/2-1/2

[Event "Open A"]
[Site "Oberwart AUT"]
[Date "2010.07.18"]
[Round "6"]
[White "Seifert,Mi"]
[Black "Froewis,G"]
[Result "0-1"]
[WhiteElo "2172"]
[BlackElo "2279"]

1.Nf3 d5 2.g3 c6 3.Bg2 Nf6 4.d3 Bf5 5.O-O Nbd7 6.b3 e5 7.Bb2 Bd6 8.Nh4 Bg6
9.Nxg6 hxg6 10.e4 dxe4 11.dxe4 Qe7 12.Nd2 O-O-O 13.Qe2 Ba3 14.Bxa3 Qxa3 15.Nc4 Qe7
16.a4 Kc7 17.a5 Nc5 18.b4 Ne6 19.c3 Nf4 20.gxf4 Nh5 21.Qg4 Nxf4 22.Rfe1 Rh5
23.Ne3 Rg5 24.Qf3 Rd3 25.Kh1 Nxg2 26.Rg1 Nxe3 27.fxe3 Rxg1+ 28.Rxg1 Rd2 29.Rg2 Qf6
30.Qxf6 Rd1+ 31.Rg1 Rxg1+ 32.Kxg1 gxf6 33.Kf2 Kd6 34.Ke2 b5 35.axb6 axb6
36.c4 b5 37.c5+ Ke6 38.Kf3 f5 39.exf5+ Kxf5 40.e4+ Kg5  0-1

[Event "5th Nana Aleksandria Cup"]
[Site "Poti GEO"]
[Date "2010.07.18"]
[Round "8"]
[White "Pantsulaia,L"]
[Black "Mammadov,Z"]
[Result "1/2-1/2"]
[WhiteElo "2586"]
[BlackElo "2302"]

1.Nf3 d5 2.g3 Nf6 3.Bg2 g6 4.O-O Bg7 5.d3 O-O 6.Nbd2 Nbd7 7.e4 dxe4 8.dxe4 e5
9.b3 Qe7 10.Bb2 Rd8 11.Qe2 b6 12.Rfe1 Bb7 13.Rad1 a5 14.a4 Qc5 15.Nc4 Ba6
16.Bf1 Ng4 17.Nfd2 Ngf6 18.Qf3 Qe7 19.Qc3 Bb7 20.f3 h5 21.Na3 Nc5 22.Ndc4 Rxd1
23.Rxd1 Rd8 24.Rxd8+ Qxd8 25.Nxe5 Nfd7 26.Nac4 Qe8 27.Qd4 Ba6 28.f4 Bxc4
29.Bxc4 Nxe5 30.fxe5 Nd7 31.Bb5  1/2-1/2

[Event "XIV Battle Of Senta"]
[Site "Senta SRB"]
[Date "2010.07.18"]
[Round "2"]
[White "Suc,T"]
[Black "Sutorikhin,V"]
[Result "0-1"]
[WhiteElo "1993"]
[BlackElo "2333"]

1.Nf3 d5 2.g3 Nc6 3.d4 Bf5 4.Bg2 Nb4 5.Na3 e6 6.c3 Nc6 7.Qb3 Rb8 8.O-O Nf6
9.Bg5 Be7 10.Bxf6 Bxf6 11.Nd2 O-O 12.e4 dxe4 13.Nxe4 Be7 14.Nc4 b5 15.Ne3 Na5
16.Qd1 Bg6 17.b4 Nb7 18.a4 f5 19.Nc5 Nxc5 20.bxc5 b4 21.Nc4 bxc3 22.Ne5 Be8
23.Qd3 Rb4 24.Rfd1 c2 25.Qxc2 Rxd4 26.Qb3 Bxc5 27.Nf3 Rxd1+ 28.Rxd1 Qe7 29.Re1 Bd7
30.Ne5 Re8 31.Nc6 Bxc6  0-1

[Event "XIV Battle Of Senta"]
[Site "Senta SRB"]
[Date "2010.07.18"]
[Round "2"]
[White "Nadj,Z"]
[Black "Kovacs,Art"]
[Result "1/2-1/2"]
[WhiteElo "2197"]
[BlackElo "2120"]

1.Nf3 d5 2.g3 Nf6 3.Bg2 e6 4.O-O Be7 5.c4 O-O 6.b3 b6 7.Bb2 Bb7 8.Qc2 c5
9.cxd5 Nxd5 10.a3 Bf6 11.Nc3 Nd7 12.Rfd1 Qe7 13.Rac1 Rfd8 14.d4 Nxc3 15.Bxc3 Rac8
16.Qb2 h6 17.b4 cxd4 18.Nxd4 Nb8 19.Bxb7 Qxb7 20.b5 Qd5 21.Rd3  1/2-1/2

[Event "4th Open"]
[Site "Vecindario ESP"]
[Date "2010.07.18"]
[Round "2"]
[White "Gutierrez Olivares,D"]
[Black "Salgado Lopez,I"]
[Result "0-1"]
[WhiteElo "2167"]
[BlackElo "2607"]

1.Nf3 d5 2.g3 Bg4 3.Bg2 Nd7 4.c4 e6 5.O-O Ngf6 6.cxd5 exd5 7.d3 Be7 8.Nc3 c6
9.h3 Bh5 10.e4 dxe4 11.dxe4 Nc5 12.Qc2 Qd3 13.Qxd3 Nxd3 14.Rd1 Nxc1 15.Raxc1 Nd7
16.Ne2 Rd8 17.Nf4 Bxf3 18.Bxf3 Bg5 19.h4 Bxf4 20.gxf4 Ke7 21.Kf1 Nb6 22.Ke2 Na4
23.Rxd8 Rxd8 24.Rc2 Rd4 25.Ke3 Rb4 26.b3 Nb6 27.Rc5 Nd7 28.Rg5 g6 29.h5 a6
30.hxg6 fxg6 31.f5 Kf6 32.fxg6 hxg6 33.Rg1 a5 34.Rd1 Nc5 35.Rd4 Ke5 36.Rxb4 axb4
37.Bg2 g5 38.f3 Ne6 39.Bf1 Nd4 40.Bd3 b5 41.Bb1 Ne6 42.Bd3 Nc7 43.Bf1 Ne8
44.Bh3 Nd6 45.Bf1 c5 46.Be2 c4 47.Bf1 c3 48.Bd3 Ke6 49.Kd4 Nf7 50.Kc5 Ne5
51.Bc2 Nxf3 52.Kxb4 g4 53.Kxc3 g3 54.Bd1 g2 55.Bxf3 g1=Q  0-1

[Event "25th Touraine Open"]
[Site "Avoine FRA"]
[Date "2010.07.19"]
[Round "3"]
[White "Drenchev,P"]
[Black "Valette,C"]
[Result "1-0"]
[WhiteElo "2514"]
[BlackElo "2088"]

1.Nf3 d5 2.g3 Nf6 3.Bg2 Bf5 4.O-O h6 5.c4 c6 6.cxd5 cxd5 7.Qb3 Nbd7 8.Qxb7 e6
9.Qb3 Rb8 10.Qd1 Qb6 11.Nc3 Bd6 12.d3 O-O 13.b3 Rfc8 14.Bb2 Qa5 15.Na4 Rc7
16.Rc1 Rbc8 17.Rxc7 Rxc7 18.Qa1 Bg4 19.Rc1 Kf8 20.Rxc7 Qxc7 21.Qc1 Qxc1+
22.Bxc1 e5 23.Kf1 Ke7 24.Ne1 Be6 25.Nc2 Kd8 26.Ba3 Kc7 27.e3 Bxa3 28.Nxa3 a6
29.Ke2 Kd6 30.Nc2 Ne8 31.Kd2 Nc7 32.Nc3 Nb8 33.d4 e4 34.Bf1 Bd7 35.Be2 f5
36.f3 Bc6 37.fxe4 fxe4 38.Bg4 Bd7 39.Be2 Bc6 40.Nb4 Bd7 41.Bh5 Nc6 42.Nxc6 Bxc6
43.b4 Bd7 44.a4 Bc6 45.Be2 Bd7 46.b5 axb5 47.Nxb5+ Bxb5 48.Bxb5 Ne6 49.a5 Kc7
50.h4 g5 51.hxg5 hxg5 52.Kc3 Ng7 53.g4 Ne6 54.Kb4 Kb7 55.Bd7  1-0

[Event "15th Open"]
[Site "Balaguer ESP"]
[Date "2010.07.19"]
[Round "1"]
[White "Puigpinos Font,E"]
[Black "Fluvia Poyatos,Joa"]
[Result "0-1"]
[WhiteElo "1902"]
[BlackElo "2499"]

1.Nf3 d5 2.g3 Nf6 3.Bg2 c5 4.d3 Nc6 5.O-O e5 6.Bg5 Be7 7.c3 O-O 8.Nbd2 h6
9.Bxf6 Bxf6 10.e4 Be6 11.exd5 Bxd5 12.Ne4 Be7 13.Qc2 Qd7 14.a3 f5 15.Ned2 Rad8
16.Rad1 Bf6 17.Rfe1 Rfe8 18.Nf1 Qf7 19.c4 Bxf3 20.Bxf3 Nd4  0-1

[Event "5th Nana Aleksandria Cup"]
[Site "Poti GEO"]
[Date "2010.07.19"]
[Round "9"]
[White "Benidze,D"]
[Black "Hussein,AH"]
[Result "1-0"]
[WhiteElo "2508"]
[BlackElo "2373"]

1.Nf3 d5 2.g3 Nf6 3.Bg2 e6 4.d3 Be7 5.Nbd2 O-O 6.O-O c5 7.e4 Nc6 8.e5 Ng4
9.Re1 Qc7 10.Qe2 f6 11.exf6 Bxf6 12.Nb3 Qd6 13.c4 dxc4 14.dxc4 e5 15.h3 Nh6
16.Bxh6 gxh6 17.Rad1 Nd4 18.Qe3 Qc7 19.Nxe5 Bxh3 20.Nxd4 cxd4 21.Rxd4 Bxg2
22.Kxg2 Rae8 23.Rg4+ Kh8 24.Re4 Rd8 25.Qxh6 Bxe5 26.Rxe5 Qxc4 27.Re7 Qc2
28.Qg7+  1-0

[Event "XII Open"]
[Site "Sant Marti ESP"]
[Date "2010.07.19"]
[Round "7"]
[White "Beltran Rueda,S"]
[Black "Aranda Gonzalez,J"]
[Result "1-0"]
[WhiteElo "2369"]
[BlackElo "2294"]

1.Nf3 d5 2.g3 Nf6 3.Bg2 c5 4.O-O Nc6 5.d4 e6 6.c4 dxc4 7.Ne5 Nxe5 8.dxe5 Qxd1
9.Rxd1 Nd5 10.Na3 Be7 11.Nxc4 O-O 12.e4 Nb4 13.Bd2 Nc6 14.f4 b6 15.Bc3 Ba6
16.Nd6 Rad8 17.Rd2 Bxd6 18.exd6 Rd7 19.e5 Bb7 20.Bf1 Rb8 21.Bc4 g6 22.g4 Nd8
23.Kf2 Bc6 24.a4 b5 25.axb5 Bxb5 26.Bxb5 Rxb5 27.Ra6 Rb6 28.Ra5 Rc6 29.Rd1 a6
30.Rda1 Ra7 31.R5a2 f6 32.exf6 Rxd6 33.Be5 Rb6 34.b4 Nb7 35.Ke3 Kf7 36.g5 a5
37.bxa5 Rba6 38.Rd2 Ke8 39.Rad1  1-0

[Event "XIV Battle Of Senta"]
[Site "Senta SRB"]
[Date "2010.07.19"]
[Round "4"]
[White "Suc,T"]
[Black "Guzsvany,A"]
[Result "0-1"]
[WhiteElo "1993"]
[BlackElo "2147"]

1.Nf3 d5 2.g3 Nf6 3.Bg2 c6 4.O-O Bg4 5.d3 Nbd7 6.c4 e6 7.cxd5 exd5 8.Nc3 Bd6
9.Qc2 O-O 10.e4 Qa5 11.h3 Bxf3 12.Bxf3 Qc5 13.d4 Qxd4 14.Rd1 Qb6 15.Be3 Qc7
16.exd5 cxd5 17.Qf5 Bc5 18.Nxd5 Nxd5 19.Rxd5 Bxe3 20.Rxd7 Qxg3+ 21.Bg2 Bb6
22.Rxb7 Qh4 23.Rd1 Rae8 24.Qf3 Re6 25.Rd5 g6 26.Rd2 Rf6 27.Qg4 Bxf2+ 28.Kh2 Qh6
29.Re2 Qc1 30.Rxf2 Rxf2 31.Rxa7 Qxb2 32.a4 Qb8+  0-1

[Event "Najdorf Mem Open A"]
[Site "Warsaw POL"]
[Date "2010.07.19"]
[Round "3"]
[White "Boros,De"]
[Black "Przybylski,W"]
[Result "1/2-1/2"]
[WhiteElo "2499"]
[BlackElo "2322"]

1.Nf3 d5 2.g3 Nf6 3.Bg2 c6 4.c4 Nbd7 5.O-O dxc4 6.Qc2 Nb6 7.Na3 Qd5 8.b3 cxb3
9.axb3 Be6 10.Rb1 g6 11.d3 Bg7 12.Nc4 O-O 13.Ng5 Qd7 14.Na5 Bg4 15.h3 h6
16.Nxf7 Rxf7 17.hxg4 Nxg4 18.d4 Rf5 19.b4 Bxd4 20.e3 Bg7 21.Be4 Raf8 22.Bxf5 Rxf5
23.Bb2 e5 24.Nc4 Kh7 25.Nxb6 axb6 26.Qd1 Rf7 27.Qxd7 Rxd7 28.Rbd1 Re7 29.b5 e4
30.Bd4 Bxd4 31.Rxd4 Ne5 32.Kg2 Nd3 33.Rd6 c5 34.Rd8 Ne5 35.Rfd1 Kg7 36.Ra1 h5
37.Ra7 Nf7 38.Rd5 Kf6 39.Ra4 Kg7 40.Kh3 Kf6 41.g4 hxg4+ 42.Kxg4 Re6 43.Kf4  1/2-1/2

[Event "Najdorf Mem Open A"]
[Site "Warsaw POL"]
[Date "2010.07.19"]
[Round "3"]
[White "Lammens,Tim"]
[Black "Hammer,J"]
[Result "0-1"]
[WhiteElo "2268"]
[BlackElo "2636"]

1.Nf3 d5 2.g3 Bg4 3.Bg2 Nd7 4.c4 e6 5.cxd5 exd5 6.Nc3 c6 7.O-O Ngf6 8.h3 Bxf3
9.Bxf3 Bd6 10.d3 O-O 11.e4 dxe4 12.dxe4 Be5 13.Qc2 Re8 14.Bg2 Qe7 15.Re1 Nc5
16.Be3 Rad8 17.Rad1 Bxc3 18.bxc3 Rxd1 19.Qxd1 Ncxe4 20.Bxa7 Qa3 21.Bd4 Qxa2
22.Bxe4 Nxe4 23.Qg4 f6 24.Kh2 Nd6 25.Rxe8+ Nxe8 26.Qc8 Qf7 27.Bc5 h6 28.h4 Kh7
29.Qf5+ g6 30.Qc8 Ng7 31.Bd6 Ne6 32.g4 h5 33.f3 Ng7 34.Kg3 hxg4 35.fxg4 Qc4
36.Qc7 Qxc3+ 37.Kh2 Qd4 38.Bf8 Qe5+  0-1

[Event "MTO"]
[Site "Biel SUI"]
[Date "2010.07.20"]
[Round "2"]
[White "Domont,A"]
[Black "Bauer,Ch"]
[Result "0-1"]
[WhiteElo "2328"]
[BlackElo "2612"]

1.g3 d5 2.Nf3 g6 3.Bg2 Bg7 4.d4 Nf6 5.O-O O-O 6.Bf4 c5 7.c3 Na6 8.Qb3 Nh5
9.Bc1 b6 10.a4 Nc7 11.Na3 Ba6 12.Re1 Qd6 13.e4 dxe4 14.dxc5 bxc5 15.Ng5 Rab8
16.Qa2 Nf6 17.Bf4 e5 18.Rad1 Qe7 19.Bc1 Bc8 20.Qc4 Bg4 21.f3 exf3 22.Bxf3 Bxf3
23.Nxf3 e4 24.Be3 Ne6 25.Ne5 Qc7 26.Bf4 g5 27.Nxf7 Nxf4 28.Nxg5+ Kh8 29.Nb5 Qe5
30.Nf7+ Rxf7 31.Qxf7 Nh3+ 32.Kg2 Ng5  0-1

[Event "Sparkassen Open A"]
[Site "Dortmund GER"]
[Date "2010.07.20"]
[Round "4"]
[White "Bub,V"]
[Black "Strathoff,J"]
[Result "0-1"]
[WhiteElo "2193"]
[BlackElo "2080"]

1.Nf3 d5 2.g3 Nf6 3.Bg2 e6 4.O-O Bd6 5.d3 O-O 6.Nbd2 c5 7.e4 Nc6 8.Re1 Qc7
9.Qe2 Nd7 10.c3 d4 11.c4 a6 12.h4 e5 13.Nf1 Be7 14.Ng5 Bxg5 15.hxg5 f6 16.Qh5 fxg5
17.Bxg5 Nf6 18.Bxf6 Rxf6 19.a3 g6 20.Qh4 Kg7 21.Nh2 h5 22.Re2 Be6 23.Rf1 Raf8
24.f3 Kh6 25.Ng4+ Bxg4 26.fxg4 Rxf1+ 27.Bxf1 Qf7 28.g5+ Kg7 29.Bg2 Nd8 30.Kh2 Qe7
31.Bh3 Nf7 32.Rf2 Nxg5 33.Rxf8 Kxf8 34.Bg2 Kg7 35.Kh1 Qf6 36.b4 cxb4 37.axb4 Kh6
38.Qh2 Qf2 39.Qh4 Qe1+ 40.Kh2 Qxb4 41.g4 Qd2 42.Qg3 Qf4 43.Qxf4 exf4 44.gxh5 gxh5
45.e5 b6 46.Bb7 a5 47.Bc8 Nf3+  0-1

[Event "Open A"]
[Site "Oberwart AUT"]
[Date "2010.07.20"]
[Round "8"]
[White "Serov,M"]
[Black "Zoebisch,H"]
[Result "1-0"]
[WhiteElo "2347"]
[BlackElo "2117"]

1.Nf3 d5 2.g3 c6 3.Bg2 Nf6 4.O-O Bg4 5.d3 Nbd7 6.Nbd2 e6 7.h3 Bxf3 8.Bxf3 Bc5
9.c3 a5 10.d4 Be7 11.e4 dxe4 12.Nxe4 Nxe4 13.Bxe4 Nf6 14.Bg2 O-O 15.c4 Qd7
16.Be3 Rfd8 17.Qc2 Rac8 18.Rad1 Qc7 19.Qb3 Rd7 20.Rd3 h6 21.Rfd1 Ra8 22.a4 Ra6
23.Kh2 Rb6 24.Qc2 Ra6 25.f4 Ra8 26.Qf2 g6 27.Bf3 h5 28.Kg2 Bf8 29.b3 Bg7
30.g4 hxg4 31.hxg4 Qd8 32.Qh4 Ne8 33.Qh2 Nc7 34.Rh1 f5 35.Qh7+ Kf7 36.Rh6 Qf6
37.g5 Qe7 38.Rxg6 Kf8 39.Bc1 Na6 40.Bb2 Qf7 41.Bh5 Qg8 42.Rf6+ Bxf6 43.Qxd7 Rd8
44.Qxb7 Nc5 45.Ba3 Be7 46.Qb6  1-0

[Event "XIX ch-Macedonia Open"]
[Site "Struga MKD"]
[Date "2010.07.20"]
[Round "4"]
[White "Vasovski,N"]
[Black "Stanojoski,Z"]
[Result "0-1"]
[WhiteElo "2312"]
[BlackElo "2487"]

1.Nf3 d5 2.g3 c6 3.Bg2 Bg4 4.c4 e6 5.O-O Nd7 6.b3 Ngf6 7.Bb2 Bd6 8.d3 O-O
9.Nbd2 Qe7 10.h3 Bh5 11.g4 Bg6 12.Nh4 Nxg4 13.Nxg6 fxg6 14.hxg4 Qh4 15.f4 Bxf4
16.Rf3 Qh2+ 17.Kf2 Ne5 18.Bxe5 Bxe5 19.Rb1 Rxf3+ 20.Nxf3 Rf8 21.e3 Bg3+ 22.Kf1 h5
23.g5 h4 24.Qe2 h3 25.Qf2 Bh4 26.Rd1 e5 27.e4 dxe4 28.dxe4 hxg2+ 29.Qxg2 Qf4
30.Rd3  0-1

[Event "XIX ch-Macedonia Open"]
[Site "Struga MKD"]
[Date "2010.07.20"]
[Round "4"]
[White "Ilievski,B"]
[Black "Andonovski,L"]
[Result "1/2-1/2"]
[WhiteElo "2235"]
[BlackElo "2290"]

1.Nf3 d5 2.g3 c6 3.Bg2 Nf6 4.O-O Bg4 5.d3 Nbd7 6.c4 Bxf3 7.Bxf3 dxc4 8.dxc4 Ne5
9.Qb3 Nxf3+ 10.exf3 Qc8 11.Kg2 h5 12.h4 e6 13.Bg5 Be7 14.Nc3 Qc7 15.Rad1 O-O
16.Rd3 Rfd8 17.Rfd1 Rxd3 18.Rxd3  1/2-1/2

[Event "Najdorf Mem Open A"]
[Site "Warsaw POL"]
[Date "2010.07.20"]
[Round "4"]
[White "Krysztofiak,M"]
[Black "Erdos,V"]
[Result "1/2-1/2"]
[WhiteElo "2436"]
[BlackElo "2592"]

1.Nf3 d5 2.g3 Nf6 3.Bg2 c6 4.O-O Bg4 5.d3 Nbd7 6.c4 e6 7.cxd5 exd5 8.h3 Bxf3
9.Bxf3 Bc5 10.Nc3 O-O 11.Qb3 Bb6 12.Na4 Re8 13.Nxb6 axb6 14.Be3 Qc7  1/2-1/2

[Event "21st Czech Rapid Open"]
[Site "Pardubice CZE"]
[Date "2010.07.21"]
[Round "5"]
[White "Baryshpolets,A"]
[Black "Schlosser,P"]
[Result "0-1"]
[WhiteElo "2450"]
[BlackElo "2575"]

1.Nf3 d5 2.g3 Bg4 3.Bg2 e6 4.c4 c6 5.d4 Nd7 6.Nc3 Ngf6 7.O-O Bd6 8.Qc2 dxc4
9.e4 Bxf3 10.Bxf3 e5 11.Be3 O-O 12.Rad1 Qe7 13.Bg2 Ng4 14.Qe2 Nxe3 15.Qxe3 Rfd8
16.Kh1 exd4 17.Qxd4 Ne5 18.Qe3 Bc5 19.Qe2 Rxd1 20.Nxd1 Rd8 21.f4 Nd3 22.h3 f6
23.Kh2 Bd4 24.e5 fxe5 25.f5 e4 26.Ne3 b5 27.Ng4 Kh8 28.h4 Re8 29.f6 Bxf6
30.Nxf6 gxf6 31.Bh3 Qe5 32.b3 e3 33.bxc4 bxc4 34.Bf5 Rg8 35.Rf3 Re8 36.Rf1 Re7
37.Bg4 Qb2 38.Qxb2 Nxb2 39.Be2 Kg7 40.Rc1 Rd7 41.Kg2 Rd5 42.Kf3 Nd3 43.Rc3 Ra5
44.Kxe3 Rxa2 45.Bxd3 cxd3 46.Kxd3 Kg6 47.Kd4 Ra4+ 48.Kc5 Ra6 49.Rf3 h5 50.Kd6 Rb6
51.Kc5 Rb8 52.Kxc6 Rb6+ 53.Kc5 Re6 54.Kd4 a5 55.Ra3 Ra6 56.Ra4 Kf5 57.Ke3 Ke5
58.Re4+ Kd5 59.Ra4 Kc5 60.Kf4 Kb5 61.Ra1 a4 62.g4 hxg4 63.Kxg4 a3 64.Kf5 Kb4
65.Kg6 a2 66.Rxa2 Rxa2 67.Kxf6 Rh2 68.Kg5 Kc5 69.h5 Kd6 70.Kg6 Ke7 71.h6 Kf8  0-1

[Event "Najdorf Mem Open A"]
[Site "Warsaw POL"]
[Date "2010.07.21"]
[Round "5"]
[White "Doluhanova,E"]
[Black "Vysochin,S"]
[Result "0-1"]
[WhiteElo "2312"]
[BlackElo "2562"]

1.Nf3 d5 2.g3 c6 3.Bg2 Nf6 4.O-O Bf5 5.d3 e6 6.Nbd2 h6 7.Qe1 Be7 8.e4 Bh7
9.e5 Nfd7 10.Nb3 c5 11.Qe2 Nc6 12.h4 Bf5 13.c3 g5 14.hxg5 hxg5 15.Rd1 a5
16.d4 c4 17.Nc5 Bxc5 18.dxc5 Bg4 19.Be3 Ndxe5 20.Bd4 Bxf3 21.Bxf3 Qf6 22.Bxd5 exd5
23.Bxe5 Qxe5 24.Qxe5+ Nxe5 25.Re1 f6 26.f4 gxf4 27.gxf4 Rh5 28.fxe5 fxe5
29.b3 cxb3 30.axb3 Kd7 31.b4 Rf8 32.Re2 Rg5+ 33.Rg2 Rxg2+ 34.Kxg2 axb4 35.cxb4 Kc6
36.Re1 e4 37.Rh1 Kb5  0-1

[Event "3rd Open"]
[Site "Paleochora GRE"]
[Date "2010.07.22"]
[Round "2"]
[White "Papadimitriou,A"]
[Black "Volkov,Sergey1"]
[Result "0-1"]
[WhiteElo "2146"]
[BlackElo "2597"]

1.Nf3 d5 2.g3 c5 3.Bg2 g6 4.c4 d4 5.b4 cxb4 6.Qa4+ Bd7 7.Qxb4 Nc6 8.Qb2 e5
9.O-O Bg7 10.d3 Nge7 11.Nbd2 O-O 12.Rb1 b6 13.Qc2 f5 14.Ba3 h6 15.c5 Be6
16.cxb6 axb6 17.Nxe5 Bxe5 18.Bxe7 Nxe7 19.Bxa8 Qxa8 20.Rxb6 Bf7 21.Nf3 Bg7
22.Rd6 Nd5 23.Qd2 Re8 24.Nh4 Kh7 25.Re1 Qb7 26.h3 Bf8 27.Rxd5 Bxd5 28.Qf4 Bg7
29.Rc1 Rxe2 30.Nxf5 gxf5 31.Qxf5+ Kh8 32.a4 Re8 33.h4 Rf8 34.Qh3 Qb2 35.Rf1 Qe2
36.g4 Rf4  0-1

[Event "Sparkassen Open A"]
[Site "Dortmund GER"]
[Date "2010.07.23"]
[Round "7"]
[White "Nalbandian,T"]
[Black "Michalczak,T"]
[Result "1/2-1/2"]
[WhiteElo "2453"]
[BlackElo "2367"]

1.Nf3 d5 2.g3 Nf6 3.Bg2 c6 4.O-O Nbd7 5.d3 e5 6.e4 dxe4 7.dxe4 Nxe4 8.Nxe5 Nxe5
9.Qxd8+ Kxd8 10.Bxe4 Bd6 11.Bd2 Bg4 12.Ba5+ Bc7 13.Bc3 f6 14.Nd2 Ke7 15.f4 Nd7
16.Kg2 Nc5 17.Rae1 Kd7 18.Bf3 Bxf3+ 19.Kxf3 Rae8 20.Nc4 Na4 21.Rd1+ Kc8 22.Rd3  1/2-1/2

[Event "Sparkassen Open A"]
[Site "Dortmund GER"]
[Date "2010.07.23"]
[Round "7"]
[White "Bub,V"]
[Black "Kahleys,K"]
[Result "1/2-1/2"]
[WhiteElo "2193"]
[BlackElo "2071"]

1.Nf3 d5 2.g3 Nf6 3.Bg2 c6 4.O-O Bf5 5.d3 h6 6.Nbd2 Nbd7 7.Qe1 e5 8.e4 dxe4
9.dxe4 Be6 10.Qe2 Qc7 11.a4 a6 12.h3 Be7 13.b3 O-O 14.Bb2 b5 15.Ne1 Ne8 16.f4 f6
17.Nd3 Nc5 18.Nxc5 Bxc5+ 19.Kh1 Rd8 20.axb5 axb5 21.fxe5 fxe5 22.Rxf8+ Bxf8
23.Nf3 Bd6 24.Nh4 Nf6 25.Rd1 Rd7 26.Rd3 Bc5 27.Kh2 Rxd3 28.Qxd3 Qd6 29.Qe2 Bd4
30.Bc1 Bb6 31.Be3 Bxe3 32.Qxe3 Qd4 33.Qe2 Kf7 34.Nf3 Qd6 35.Qe3 c5 36.Bf1 Bd7
37.Be2 Bc6 38.Bd3 Ke8 39.Qe2 c4 40.bxc4 bxc4 41.Bxc4 Bxe4 42.Bd3 Bxf3 43.Qxf3  1/2-1/2

[Event "6th WSCC U17"]
[Site "Kayseri TUR"]
[Date "2010.07.23"]
[Round "3"]
[White "Tekeli,T"]
[Black "Kerigan,D"]
[Result "1-0"]
[WhiteElo "1912"]
[BlackElo "2184"]

1.Nf3 d5 2.g3 Nf6 3.Bg2 c6 4.O-O Bf5 5.d4 e6 6.c4 Be7 7.Nc3 h6 8.Qb3 Qb6
9.Bf4 Nbd7 10.c5 Qa6 11.Rfc1 b6 12.cxb6 axb6 13.Ne5 Nxe5 14.dxe5 Nd7 15.e4 Bg6
16.exd5 Nc5 17.Qd1 exd5 18.b4 Nd3 19.b5 Qa5 20.bxc6 Bc5 21.Nxd5 O-O 22.Rxc5 Qxc5
23.Be3 Qa3 24.Nxb6 Rae8 25.Nd7 Rxe5 26.Nxe5 Nxe5 27.Qd5  1-0